[Event "38. MIEDZYNARODOWY MEMORIAL LUDWIKA ZAMENHOFA 2019 - OPEN A"]
[Site "Bialystok"]
[Date "1899-12-30"]
[Round "2.6"]
[White "Vardanyan, Aras"]
[Black "Kosakowski, Jakub"]
[Result "0-1"]
[WhiteTitle "k"]
[BlackTitle "FM"]
[WhiteElo "2026"]
[BlackElo "2403"]

1. d4 Nf6 2. c4 e6 3. Nf3 d5 4. Nc3 Bb4 5. Qa4+ Nc6 6. e3 O-O 7. Bd2 dxc4 8. Bxc4
Bd6 9. Nb5 Be7 10. O-O a6 11. Nc3 Bd6 12. h3 e5 13. dxe5 Nxe5 14. Nxe5 Bxe5 15.
Rad1 Qe7 16. Qc2 Bd7 17. Nd5 Nxd5 18. Bxd5 c6 19. Be4 g6 20. Ba5 Rfe8 21. Bb6
Be6 22. f4 Bg7 23. Bc5 Qh4 24. f5 gxf5 25. Bxf5 Qh6 26. Bxe6 Qxe6 27. Rd6 Qxa2
28. Rf4 Rad8 29. Rh6 Bxh6 30. Rg4+ Bg7 0-1

[Event "38. MIEDZYNARODOWY MEMORIAL LUDWIKA ZAMENHOFA 2019 - OPEN A"]
[Site "Bialystok"]
[Date "1899-12-30"]
[Round "2.7"]
[White "Tihonov, Jurij"]
[Black "Karolczuk, Iwo"]
[Result "0-1"]
[WhiteTitle "GM"]
[BlackTitle "I++"]
[WhiteElo "2394"]
[BlackElo "1976"]

1. Nf3 c5 2. c4 g6 3. d4 Bg7 4. e4 d6 5. d5 e6 6. Nc3 Ne7 7. Be2 O-O 8. O-O e5
9. Ne1 f5 10. Nd3 f4 11. a3 g5 12. b4 b6 13. bxc5 bxc5 14. Bg4 Nd7 15. Be6+ Kh8
16. Qh5 h6 17. f3 Ba6 18. Nb5 Nb6 19. a4 Nxc4 20. Bb2 Bxb5 21. axb5 Qb6 22. Bc3
Ne3 23. Rfb1 Rab8 24. Ba5 Qb7 25. h4 gxh4 26. Nf2 Ng8 27. Qxh4 Nf6 28. Nd1 Nc2
29. Ra4 Nd4 30. Nc3 Qe7 31. Qh3 Nh7 32. Bg4 Rg8 33. Ra2 Bf8 34. Kf1 Nf6 35. Bf5
Rg3 36. Qh4 Nxd5 37. Qxe7 Ne3+ 0-1

[Event "38. MIEDZYNARODOWY MEMORIAL LUDWIKA ZAMENHOFA 2019 - OPEN A"]
[Site "Bialystok"]
[Date "1899-12-30"]
[Round "2.8"]
[White "Chojnacki, Krzysztof"]
[Black "Szydlo, Michal"]
[Result "1-0"]
[WhiteTitle "IM"]
[BlackTitle "I+"]
[WhiteElo "2375"]
[BlackElo "1957"]

1. d4 Nf6 2. c4 g6 3. Nc3 Bg7 4. e4 d6 5. Nf3 O-O 6. Be2 e5 7. Be3 c6 8. d5 Na6
9. O-O Ng4 10. Bg5 f6 11. Bc1 c5 12. Ne1 Nh6 13. Nd3 f5 14. f3 f4 15. a3 g5 16.
b4 b6 17. Bd2 Nf7 18. bxc5 bxc5 19. Rb1 h5 20. Nf2 Nh6 21. Kh1 Nc7 22. Rg1 Kh7
23. g3 fxg3 24. Rxg3 g4 25. Qg1 Qf6 26. Rf1 h4 27. Nxg4 Nxg4 28. fxg4 Qxf1 29.
Bxf1 hxg3 30. Be2 Rh8 31. Qxg3 Bd7 32. Qh4+ Kg6 33. Qe7 Raf8 34. h4 Rxh4+ 35.
Kg1 Rfh8 36. Bf3 Bxg4 37. Qg5+ Kf7 38. Bxg4 Bf6 39. Be6+ Ke7 40. Qg6 Rh1+ 41.
Kf2 R8h2+ 42. Ke3 Nxe6 43. dxe6 Rh3+ 44. Ke2 Kxe6 45. Nd5 R3h2+ 46. Kd3 Rh3+ 47.
Kc2 1-0

[Event "38. MIEDZYNARODOWY MEMORIAL LUDWIKA ZAMENHOFA 2019 - OPEN A"]
[Site "Bialystok"]
[Date "1899-12-30"]
[Round "2.9"]
[White "Leniart, Arkadiusz"]
[Black "Walkusz, Witoslaw"]
[Result "1-0"]
[WhiteTitle "IM"]
[BlackTitle "FM"]
[WhiteElo "2508"]
[BlackElo "2089"]

1. e4 e5 2. Nf3 Nc6 3. Bc4 Nf6 4. Ng5 d5 5. exd5 Na5 6. Bb5+ c6 7. Be2 Bd6 8. dxc6
bxc6 9. Nh3 h6 10. d3 O-O 11. O-O Nd5 12. Nc3 Nxc3 13. bxc3 Qh4 14. Kh1 Bxh3 15.
gxh3 e4 16. f4 exf3 17. Rxf3 Rae8 18. Be3 Re6 19. Qd2 Rfe8 20. Bf1 Qh5 21. Qf2
R8e7 22. h4 Qd5 23. c4 Qe5 24. Bd4 Qh5 25. Be3 Qe5 26. Bd4 Bc5 27. Bxe5 Bxf2 28.
Bc3 Bb6 29. c5 Bd8 30. d4 Re3 31. Kg2 Rxf3 32. Kxf3 Rb7 33. Ke4 Rb8 34. Kd3 Nb7
35. Bg2 Rc8 36. Rb1 Rc7 37. Bxc6 Rxc6 38. Rxb7 1-0

[Event "38. MIEDZYNARODOWY MEMORIAL LUDWIKA ZAMENHOFA 2019 - OPEN A"]
[Site "Bialystok"]
[Date "1899-12-30"]
[Round "2.10"]
[White "Luberanski, Jakub"]
[Black "Jakubowski, Krzysztof"]
[Result "1-0"]
[WhiteTitle "I++"]
[BlackTitle "GM"]
[WhiteElo "1963"]
[BlackElo "2503"]

1. d4 Nf6 2. Bf4 b6 3. e3 Bb7 4. Nf3 d6 5. h3 Nbd7 6. Be2 e6 7. O-O h6 8. Bh2 g5
9. c4 g4 10. hxg4 Nxg4 11. Bg3 Rg8 12. Qd3 f5 13. Nc3 Qe7 14. Nb5 Ndf6 15. c5
Ne4 16. cxd6 cxd6 17. Rac1 Nxg3 18. fxg3 Rd8 19. Nc7+ Kf7 20. d5 exd5 21. Qxf5+
Nf6 22. Nd4 Qxe3+ 23. Kh1 Qe5 24. Bh5+ Kg7 25. Nce6+ Kh8 26. Qxf6+ 1-0

[Event "38. MIEDZYNARODOWY MEMORIAL LUDWIKA ZAMENHOFA 2019 - OPEN A"]
[Site "Bialystok"]
[Date "1899-12-30"]
[Round "2.11"]
[White "Cukrowski, Filip"]
[Black "Flak, Pawel"]
[Result "1-0"]
[WhiteTitle "FM"]
[BlackTitle "k+"]
[WhiteElo "2419"]
[BlackElo "2180"]

1. e4 Nf6 2. e5 Nd5 3. d4 d6 4. Nf3 Bg4 5. Be2 e6 6. h3 Bf5 7. O-O Be7 8. c4 Nb6
9. Nc3 O-O 10. Be3 d5 11. cxd5 exd5 12. Nh2 Nc4 13. Qb3 Nxe3 14. fxe3 Be6 15.
Qxb7 Nd7 16. Nxd5 Bg5 17. Nf4 Rb8 18. Qe4 Rxb2 19. Nxe6 fxe6 20. Bc4 Re8 21. Ng4
Nf8 22. Rf3 Qa8 23. Qf5 Be7 24. Qf7+ Kh8 25. Nf6 1-0

[Event "38. MIEDZYNARODOWY MEMORIAL LUDWIKA ZAMENHOFA 2019 - OPEN A"]
[Site "Bialystok"]
[Date "1899-12-30"]
[Round "2.12"]
[White "Paszkowski, Krystian"]
[Black "Godzwon, Iwo"]
[Result "0-1"]
[WhiteTitle "I+"]
[BlackTitle "FM"]
[WhiteElo "1950"]
[BlackElo "2275"]

1. d4 Nf6 2. Nf3 e6 3. e3 b6 4. Bd3 Bb7 5. O-O Be7 6. c4 d6 7. b3 Nbd7 8. Bb2 O-O
9. Nc3 c5 10. d5 exd5 11. cxd5 Re8 12. e4 Bf8 13. Nd2 a6 14. a4 g6 15. f4 Bg7
16. Kh1 Rb8 17. Qf3 h5 18. Rae1 Ng4 19. Qg3 Bc8 20. h3 Nh6 21. Nc4 h4 22. Qf3
Nf6 23. e5 dxe5 24. fxe5 Nh5 25. Rf2 Ng3+ 26. Kg1 Bf5 27. Nd6 Qxd6 28. exd6 Rxe1+
29. Bf1 Bd4 30. Kh2 Bxf2 0-1

[Event "38. MIEDZYNARODOWY MEMORIAL LUDWIKA ZAMENHOFA 2019 - OPEN A"]
[Site "Bialystok"]
[Date "1899-12-30"]
[Round "2.13"]
[White "Strybuk, Artsiom I"]
[Black "Kumala, Aleksander"]
[Result "1-0"]
[WhiteTitle "FM"]
[BlackTitle "CM"]
[WhiteElo "2166"]
[BlackElo "2218"]

1. d4 e6 2. Nf3 Nf6 3. c4 Bb4+ 4. Bd2 Bxd2+ 5. Qxd2 Nc6 6. g3 d6 7. Nc3 O-O 8.
Bg2 e5 9. d5 Ne7 10. O-O Bf5 11. Nh4 Bd7 12. f4 exf4 13. gxf4 Ng4 14. h3 Nh6 15.
e4 Nxd5 16. Qxd5 Qxh4 17. Qg5 Qxg5 18. fxg5 Ng4 19. hxg4 Bxg4 20. Nd5 c6 21. Ne3
Be6 22. Rad1 Rad8 23. Rd2 Rd7 24. Kh2 Re8 25. Kg3 Kf8 26. Rh1 Kg8 27. Bf3 f6 28.
gxf6 gxf6 29. Rhd1 Red8 30. Bg4 Bxg4 31. Kxg4 Kf7 32. Nf5 Ke6 33. Kf4 h5 34. b3
b6 35. Nd4+ Kf7 36. Nxc6 Rg8 37. Rxd6 Rxd6 38. Rxd6 h4 39. Rd7+ Ke6 40. Rxa7 Rh8
41. Nd4+ Kd6 42. Nf5+ Kc6 43. Rg7 h3 44. Rg1 1-0

[Event "38. MIEDZYNARODOWY MEMORIAL LUDWIKA ZAMENHOFA 2019 - OPEN A"]
[Site "Bialystok"]
[Date "1899-12-30"]
[Round "2.14"]
[White "Budrewicz, Krzysztof"]
[Black "Klimaszewski, Dariusz"]
[Result "1/2-1/2"]
[WhiteTitle "m"]
[BlackTitle "CM"]
[WhiteElo "2275"]
[BlackElo "2084"]

1. d4 b5 2. c3 e6 3. Qb3 a6 4. a4 bxa4 5. Rxa4 Nf6 6. g3 Nc6 7. Bg2 Rb8 8. Qa2
Be7 9. Nf3 O-O 10. O-O Nd5 11. Qa1 Nb6 12. Ra2 d5 13. Nbd2 a5 14. b3 a4 15. bxa4
Na5 16. Ba3 Bxa3 17. Rxa3 Ba6 18. Re1 Nbc4 19. Nxc4 Nxc4 20. Ra2 c5 21. a5 Qc7
22. e3 Nd6 23. Nd2 Rfc8 24. Bf1 c4 25. Bg2 Rb5 26. e4 dxe4 27. Nxe4 Nxe4 28. Bxe4
Rcb8 29. h4 g6 30. Kg2 e5 31. dxe5 Rxe5 32. Bf3 Rbb5 33. Kh2 Rxe1 34. Qxe1 Rxa5
35. Qe8+ Kg7 36. Rxa5 Qxa5 37. Qe3 Qc7 38. Qd4+ f6 39. h5 gxh5 40. Bxh5 Bc8 41.
Qe4 Qc5 42. Qe2 Bf5 43. Bf3 Bd3 44. Qe3 Qxe3 45. fxe3 Kg6 46. Bd5 f5 47. Kg1 Kf6
48. Kf2 Ke5 49. Bg8 h6 50. Kf3 Be4+ 51. Ke2 Bd5 52. Bh7 Kf6 53. e4 Bxe4 54. Bg8
Bd3+ 55. Ke3 Kg5 56. Be6 Kg4 57. Kf2 h5 58. Bd7 h4 59. gxh4 Kxh4 60. Kf3 Kg5 61.
Bc6 f4 62. Bd7 Bf5 63. Bc6 Be6 64. Be4 Bg4+ 65. Kf2 Kf6 66. Bd5 Be6 67. Bc6 Ke5
68. Kf3 Bf7 69. Kg4 Bg6 70. Kf3 Bh5+ 71. Kf2 Kd6 72. Ba4 Bg4 73. Bb5 Kc5 74. Be8
Kd5 75. Ba4 Ke4 76. Bc2+ Ke5 77. Bh7 Bf5 78. Bg8 Bd3 79. Kf3 Be4+ 80. Kf2 Bd5
81. Bh7 Kd6 82. Bc2 Bc6 83. Bg6 Kc5 84. Bf5 Kb5 85. Bc2 Ka5 86. Bd1 Be4 87. Ke2
1/2-1/2

[Event "38. MIEDZYNARODOWY MEMORIAL LUDWIKA ZAMENHOFA 2019 - OPEN A"]
[Site "Bialystok"]
[Date "1899-12-30"]
[Round "2.15"]
[White "Kaczmarek, Arkadiusz"]
[Black "Pietruszewski, Marcin"]
[Result "1-0"]
[WhiteTitle "I++"]
[BlackTitle "m"]
[WhiteElo "2088"]
[BlackElo "2213"]

1. d4 Nf6 2. c4 e6 3. Nf3 Bb4+ 4. Nbd2 b6 5. a3 Bxd2+ 6. Qxd2 Bb7 7. e3 d6 8. Be2
Nbd7 9. O-O O-O 10. b4 Ne4 11. Qc2 f5 12. Bb2 Rf6 13. d5 e5 14. Ne1 Rh6 15. f4
g6 16. Nf3 Qe7 17. Bd3 Nef6 18. e4 exf4 19. Rae1 Ng4 20. exf5 Ne3 21. Qc3 Ne5
22. Nxe5 dxe5 23. Rxf4 Qg5 24. g3 gxf5 25. Qxe5 Rxh2 26. Rxe3 1-0

[Event "38. MIEDZYNARODOWY MEMORIAL LUDWIKA ZAMENHOFA 2019 - OPEN A"]
[Site "Bialystok"]
[Date "1899-12-30"]
[Round "2.16"]
[White "Kiolbasa, Oliwia"]
[Black "Salna, Aleksandras"]
[Result "1/2-1/2"]
[WhiteTitle "WIM"]
[BlackTitle "k"]
[WhiteElo "2208"]
[BlackElo "2020"]

1. d4 d5 2. c4 c6 3. cxd5 cxd5 4. Bf4 Nc6 5. e3 Nf6 6. Nc3 a6 7. Bd3 Bg4 8. Nge2
e6 9. f3 Bh5 10. Rc1 Bd6 11. O-O Bg6 12. Bxd6 Qxd6 13. Nf4 O-O 14. Nxg6 hxg6 15.
f4 b5 16. Rf3 Rfc8 17. Rh3 Qb4 18. Qe2 Na5 19. Rf1 Nc4 20. Nd1 Nd6 21. g4 Rc1
22. Rg3 Nfe4 23. Rg2 Rac8 24. f5 Ra1 25. fxg6 fxg6 26. g5 Rcc1 27. a3 Qa5 28.
Bxe4 dxe4 29. Rgf2 Nf5 30. Nc3 b4 31. axb4 Qxb4 32. Rxc1 Rxc1+ 33. Rf1 Rxf1+ 34.
Kxf1 e5 35. d5 Nh4 36. Qg4 Nf5 37. Qe2 Qc5 38. Kf2 a5 39. Qd2 Qf8 40. Ke2 Nd6
41. Kd1 Nc4 42. Qe2 Qc5 43. Kc1 Nxe3 44. d6 Nf5 45. d7 Qc7 46. Qb5 Kh7 47. Qd5
Nd6 48. Qe6 e3 49. Qh3+ Kg8 50. Qe6+ Kh7 51. Qh3+ Kg8 52. Qe6+ Kh7 53. Kd1 1/2-1/2

[Event "38. MIEDZYNARODOWY MEMORIAL LUDWIKA ZAMENHOFA 2019 - OPEN A"]
[Site "Bialystok"]
[Date "1899-12-30"]
[Round "2.17"]
[White "Pettersson, Alexander"]
[Black "Zaura, Vidmantas"]
[Result "1-0"]
[WhiteTitle "k"]
[BlackTitle "k"]
[WhiteElo "2016"]
[BlackElo "2141"]

1. d4 e6 2. c4 d6 3. Nc3 Nd7 4. e4 b6 5. Nf3 g6 6. Bd3 Bg7 7. Bg5 Bf6 8. Be3 Ne7
9. Qd2 e5 10. d5 Nc5 11. Bc2 a5 12. O-O O-O 13. a3 Bg4 14. Ne1 Bg7 15. Nd3 f5
16. f3 Bh5 17. b4 Nxd3 18. Bxd3 f4 19. Bf2 g5 20. h3 Be8 21. c5 bxc5 22. bxc5
Bd7 23. cxd6 cxd6 24. Nb5 Rf6 25. Rfc1 Rc8 26. Rxc8 Nxc8 27. Rc1 h5 28. Nc7 Kh7
29. Bb5 Bxb5 30. Nxb5 Rg6 31. Nc7 Ne7 32. Ne6 Qb8 33. Qxa5 g4 34. hxg4 hxg4 35.
Kf1 Ng8 36. Qb6 Qe8 37. Qc6 Qb8 38. Qb6 Qe8 39. Qxd6 Qb5+ 40. Ke1 gxf3 41. gxf3
Qd3 1-0

[Event "38. MIEDZYNARODOWY MEMORIAL LUDWIKA ZAMENHOFA 2019 - OPEN A"]
[Site "Bialystok"]
[Date "1899-12-30"]
[Round "2.18"]
[White "Jakubowska, Anna"]
[Black "Kirilin, Dmitrij"]
[Result "1/2-1/2"]
[WhiteTitle "WIM"]
[BlackTitle "k"]
[WhiteElo "2129"]
[BlackElo "2015"]

1. e4 c5 2. Nc3 Nc6 3. g3 g6 4. Bg2 Bg7 5. d3 e6 6. Be3 d6 7. Qd2 Rb8 8. Nge2 Nd4
9. Bxd4 cxd4 10. Nb5 Qb6 11. Qb4 Ke7 12. e5 Bxe5 13. a3 a5 14. Qb3 Bd7 15. a4
Bc6 16. O-O Bxg2 17. Kxg2 Kd7 18. c3 dxc3 19. bxc3 Ne7 20. Rab1 h5 21. h3 Qc6+
22. f3 Nd5 23. Rfe1 h4 24. g4 Bg3 25. Nbd4 Qc5 26. Nxg3 Nf4+ 27. Kh2 hxg3+ 28.
Kxg3 g5 29. Rh1 Nxd3 30. Qb5+ Qxb5 31. Rxb5 Nc5 32. Rhb1 Rhc8 33. Rxa5 Ra8 34.
Rbb5 Rxa5 35. Rxa5 e5 36. Nf5 d5 37. h4 gxh4+ 38. Kxh4 Ke6 39. Kg5 e4 40. Rb5
exf3 41. Nd4+ Kd6 42. Nxf3 Ne4+ 43. Kf4 Rxc3 44. Rxb7 Ra3 45. Rxf7 Rxf3+ 46. Kxf3
Ng5+ 47. Kf4 Nxf7 48. g5 Kc5 49. g6 Nh6 50. a5 Ng8 51. a6 Kb6 52. Ke5 Ne7 53.
g7 Kxa6 54. g8=Q Nxg8 55. Kxd5 1/2-1/2

[Event "38. MIEDZYNARODOWY MEMORIAL LUDWIKA ZAMENHOFA 2019 - OPEN A"]
[Site "Bialystok"]
[Date "1899-12-30"]
[Round "2.19"]
[White "Zgadzaj, Rafal"]
[Black "Bialiauski, Artsiom"]
[Result "1/2-1/2"]
[WhiteTitle "k"]
[BlackTitle "I"]
[WhiteElo "2092"]
[BlackElo "1944"]

1. c4 Nf6 2. g3 e6 3. Bg2 d5 4. Nf3 Be7 5. O-O O-O 6. d4 dxc4 7. Qa4 a6 8. Qxc4
b5 9. Qc2 Bb7 10. Nbd2 Nbd7 11. e4 c5 12. dxc5 Nxc5 13. e5 Nd5 14. Nb3 Nxb3 15.
Qxb3 Qb6 16. Bg5 Bc5 17. Rac1 Rac8 18. Qd3 h6 19. Bd2 a5 20. Qe2 Ne7 21. Rfd1
Bd5 22. b3 b4 23. Ne1 Bxg2 24. Nxg2 Nf5 25. Rc4 Rfd8 26. Ne1 Bd4 27. Rxc8 Rxc8
28. Nf3 Bc5 29. Rc1 Rd8 30. Kg2 Qc6 31. Be3 Rd5 32. Bxc5 Rxc5 33. Rxc5 Qxc5 34.
Qd3 Qc7 35. Qb5 Kh7 36. Qd3 Kg8 37. Qb5 Kh7 38. Qe8 Qb7 39. Qd8 Qe4 40. h3 Qe2
41. Qd2 Qe4 42. Qf4 Qe2 43. g4 g5 44. Qc1 Ne7 45. Qc7 Nd5 46. Qxf7+ Kh8 47. Qf8+
Kh7 48. Qf7+ Kh8 49. Kg3 Nf4 50. Qf6+ Kh7 51. Qf7+ Kh8 52. h4 Qf1 53. Qf8+ Kh7
54. Qf7+ Kh8 1/2-1/2

[Event "38. MIEDZYNARODOWY MEMORIAL LUDWIKA ZAMENHOFA 2019 - OPEN A"]
[Site "Bialystok"]
[Date "1899-12-30"]
[Round "3.1"]
[White "Teclaf, Pawel"]
[Black "Heberla, Bartlomiej"]
[Result "0-1"]
[WhiteTitle "IM"]
[BlackTitle "GM"]
[WhiteElo "2426"]
[BlackElo "2565"]

1. Nf3 d5 2. b3 Nf6 3. Bb2 g6 4. c4 c6 5. e3 Bg7 6. Be2 O-O 7. O-O Bg4 8. Nc3 e6
9. h3 Bxf3 10. Bxf3 Nbd7 11. d3 Ne8 12. d4 Nd6 13. Ba3 Nf6 14. Qc2 Re8 15. Rfd1
h5 16. Rab1 Nf5 17. Be2 Nd7 18. cxd5 exd5 19. Bxh5 Nxe3 20. fxe3 gxh5 21. e4 dxe4
22. Nxe4 Qa5 23. Bb2 Qf5 24. Re1 Re6 25. Qf2 Qxf2+ 26. Kxf2 Bh6 27. Re2 Rae8 28.
Rbe1 Kh7 29. d5 cxd5 30. Nd6 R8e7 31. Nxb7 Bd2 32. Rxe6 fxe6 33. Re2 Bg5 34. Rc2
Nf6 35. Nd8 Ne4+ 36. Ke2 Re8 37. Rc7+ Kg6 38. Rg7+ Kf5 39. g4+ hxg4 40. hxg4+
Kxg4 41. Nf7 Re7 42. Nxg5 Rxg7 43. Nxe4 Rc7 44. Nf2+ Kf5 45. Nd3 Rh7 46. Ke3 Rh4
47. Bg7 Rg4 48. Bh8 Rh4 49. Bg7 Re4+ 50. Kd2 Rg4 51. Be5 Rg2+ 52. Kc3 Ke4 53.
a3 a6 54. b4 Ra2 55. Nc1 Rxa3+ 56. Kb2 Rh3 57. Bg7 Rg3 58. Bh8 e5 59. Nb3 Kf5
60. Nc5 Rg8 61. Bxe5 Kxe5 62. Nxa6 Kd4 63. Nc7 Kc4 64. b5 Rc8 0-1

[Event "38. MIEDZYNARODOWY MEMORIAL LUDWIKA ZAMENHOFA 2019 - OPEN A"]
[Site "Bialystok"]
[Date "1899-12-30"]
[Round "3.2"]
[White "Markowski, Tomasz"]
[Black "Kosakowski, Jakub"]
[Result "1-0"]
[WhiteTitle "GM"]
[BlackTitle "FM"]
[WhiteElo "2546"]
[BlackElo "2403"]

1. d4 Nf6 2. Nf3 e6 3. e3 b6 4. Bd3 Bb7 5. O-O d5 6. b3 Bd6 7. c4 O-O 8. cxd5 exd5
9. Ba3 Bxa3 10. Nxa3 Qe7 11. Nb5 a6 12. Nc3 Nbd7 13. Rc1 Rfe8 14. Na4 Qd6 15.
Qc2 Rac8 16. Qe2 Ra8 17. Qc2 Rac8 18. Qe2 Ra8 19. Bf5 g6 20. Bh3 c5 21. Rfd1 Rac8
22. Qb2 c4 23. Ne5 Bc6 24. Nc3 b5 25. bxc4 dxc4 26. Nxc6 Rxc6 27. a3 Nb6 28. g3
Nfd5 29. Nxd5 Nxd5 30. Bg2 f5 31. Qd2 Rc7 32. Qa5 Nf6 33. Rc2 g5 34. Rb1 f4 35.
exf4 gxf4 36. a4 fxg3 37. hxg3 Ng4 38. axb5 Rf7 39. Qxa6 Qxd4 40. Rf1 Qe5 41.
Qc6 Re6 42. Qd5 Qf6 43. Rxc4 Qg6 44. Qd4 Ne5 45. Rc8+ Kg7 46. Rc5 Qf6 47. Rd5
1-0

[Event "38. MIEDZYNARODOWY MEMORIAL LUDWIKA ZAMENHOFA 2019 - OPEN A"]
[Site "Bialystok"]
[Date "1899-12-30"]
[Round "3.3"]
[White "Karolczuk, Iwo"]
[Black "Kanarek, Marcel"]
[Result "0-1"]
[WhiteTitle "I++"]
[BlackTitle "GM"]
[WhiteElo "1976"]
[BlackElo "2478"]

1. d4 Nf6 2. Nf3 g6 3. c3 Bg7 4. Bf4 Nh5 5. Be5 Bxe5 6. Nxe5 d6 7. Nf3 O-O 8. e3
Nd7 9. Be2 e5 10. O-O Qe7 11. Re1 b6 12. a4 a5 13. c4 Bb7 14. Nc3 Nhf6 15. Rc1
Rad8 16. Qc2 Rfe8 17. Qb1 Nb8 18. Nd2 Na6 19. Na2 Qf8 20. Bf3 Bxf3 21. Nxf3 e4
22. Nd2 c5 23. Qc2 Qh6 24. Nf1 d5 25. Red1 cxd4 26. exd4 Nc7 27. c5 bxc5 28. Qxc5
Ne6 29. Qxa5 Ra8 30. Qb4 Nf4 31. Rc2 Nd3 32. Qa3 Qh5 33. Rdd2 Qg5 34. Rc3 Nh5
35. Ne3 Nhf4 36. Nc1 Ne1 37. Kf1 Nexg2 38. Ne2 Nd3 39. Rdxd3 exd3 40. Rxd3 Nxe3+
41. fxe3 Qf5+ 42. Ke1 Qh3 43. a5 Qxh2 44. b4 h5 45. Qb3 Qd6 46. Nc3 Reb8 47. Qxd5
Qxb4 48. e4 Rxa5 49. Qc6 Qb7 50. Qf6 Ra6 51. Qf4 Re8 52. Rg3 Ra1+ 53. Kd2 Qb2+
54. Kd3 Rc8 0-1

[Event "38. MIEDZYNARODOWY MEMORIAL LUDWIKA ZAMENHOFA 2019 - OPEN A"]
[Site "Bialystok"]
[Date "1899-12-30"]
[Round "3.4"]
[White "Janik, Igor"]
[Black "Chojnacki, Krzysztof"]
[Result "1/2-1/2"]
[WhiteTitle "IM"]
[BlackTitle "IM"]
[WhiteElo "2466"]
[BlackElo "2375"]

1. d4 Nf6 2. c4 g6 3. Nf3 Bg7 4. g3 O-O 5. Bg2 d6 6. O-O Nc6 7. Nc3 a6 8. Qc2 Bf5
9. e4 Bg4 10. Be3 Nd7 11. Rad1 e5 12. d5 Ne7 13. h3 Bxf3 14. Bxf3 f5 15. Kg2 Kh8
16. h4 Nf6 17. Bg5 h6 18. Bc1 Qd7 19. h5 f4 20. hxg6 Nxg6 21. Qe2 Rf7 22. Bh5
Nxh5 23. Qxh5 Kh7 24. Rh1 Rg8 25. Rh3 Bf8 26. Rdh1 Kh8 27. Kf1 fxg3 28. Rxg3 Nf4
29. Bxf4 exf4 30. Rxg8+ Kxg8 31. Qg6+ Kh8 32. Rh5 Bg7 33. e5 Bxe5 34. Ne4 Rh7
35. Nf6 Bxf6 36. Qxf6+ Kg8 37. Qxf4 Rg7 38. Qxh6 Qg4 39. Qe6+ Qxe6 40. dxe6 Rg6
41. Ke2 Rxe6+ 42. Kd3 Kg7 43. Rf5 Re1 44. b3 c6 45. a4 Rb1 46. Kc2 Re1 47. Kc3
Re7 48. Rf3 Re5 49. Rd3 Re6 50. Kb4 b6 51. a5 b5 52. cxb5 cxb5 53. Rf3 Re5 54.
Kc3 Rc5+ 55. Kb4 Re5 56. Rf4 Re2 57. Kc3 Re5 58. Kd3 b4 59. Rxb4 Rxa5 60. Rb6
Kf6 61. Rxd6+ Ke5 62. Rd8 Ra2 63. Re8+ Kd5 64. Re2 Ra1 65. Kc3 a5 66. Kb2 Rf1
67. Rc2 Kd6 68. Ka3 Ra1+ 69. Ra2 Rb1 70. Rd2+ Kc6 71. Rd3 Rf1 72. Rf3 Kb5 73.
Rf5+ Kb6 74. Kb2 Ka6 75. Kc2 Kb6 76. Kd2 Rb1 77. Kc2 Rf1 78. Rf8 Kc6 79. Kb2 Kb5
80. Rf4 Kb6 81. Rf5 Ka6 82. f4 Rf3 83. Ka3 Rf2 84. Rf8 Kb5 85. Rb8+ Ka6 86. Rf8
Kb5 87. f5 Kb6 88. f6 Kc6 89. f7 Kb7 90. Ka4 Rf5 91. Rd8 Rxf7 92. Kxa5 Rf5+ 93.
Kb4 Rf4+ 94. Kc5 Rf5+ 95. Kb4 Rf4+ 96. Ka3 Kc7 97. Ra8 Kb7 98. Ra4 Rxa4+ 99. Kxa4
Ka6 100. Kb4 1/2-1/2

[Event "38. MIEDZYNARODOWY MEMORIAL LUDWIKA ZAMENHOFA 2019 - OPEN A"]
[Site "Bialystok"]
[Date "1899-12-30"]
[Round "3.5"]
[White "Godzwon, Iwo"]
[Black "Leniart, Arkadiusz"]
[Result "1/2-1/2"]
[WhiteTitle "FM"]
[BlackTitle "IM"]
[WhiteElo "2275"]
[BlackElo "2508"]

1. c4 e5 2. g3 Nc6 3. Bg2 Bc5 4. Nc3 a6 5. e3 Ba7 6. Nge2 d6 7. O-O h5 8. h3 h4
9. g4 f5 10. f3 Be6 11. Nd5 Qd7 12. Kh2 Nce7 13. e4 f4 14. d4 Nc6 15. dxe5 dxe5
16. b3 Nge7 17. Bb2 Ng6 18. Qc2 O-O 19. Rfd1 Qf7 20. Bf1 Rad8 21. Bc3 Nd4 22.
Nxd4 exd4 23. Bb4 Rfe8 24. Be1 Ne5 25. Kg2 g5 26. Nb4 c5 27. Nd5 b5 28. Bd3 Bxd5
29. exd5 Nxd3 30. Rxd3 Re5 31. Bf2 Rde8 32. Rad1 Bb6 33. b4 bxc4 34. Qxc4 Qxd5
35. Qxa6 R5e6 36. Qb5 Rd8 37. bxc5 Bxc5 38. Bxd4 Bxd4 39. Qxd5 Rxd5 40. Rxd4 Ra5
41. R1d2 Rea6 42. a4 Kf7 43. Rd5 Ke6 44. Rxa5 Rxa5 45. Rd4 Rc5 46. Rd2 Ra5 47.
Rd4 Ke5 1/2-1/2

[Event "38. MIEDZYNARODOWY MEMORIAL LUDWIKA ZAMENHOFA 2019 - OPEN A"]
[Site "Bialystok"]
[Date "1899-12-30"]
[Round "3.6"]
[White "Strybuk, Artsiom I"]
[Black "Cukrowski, Filip"]
[Result "0-1"]
[WhiteTitle "FM"]
[BlackTitle "FM"]
[WhiteElo "2166"]
[BlackElo "2419"]

1. d4 Nf6 2. c4 e6 3. g3 c5 4. d5 exd5 5. cxd5 d6 6. Nf3 g6 7. Bg2 Bg7 8. Nc3 O-O
9. O-O Re8 10. Bf4 Nh5 11. Bg5 Qc7 12. Re1 a6 13. e4 Nd7 14. a4 h6 15. Be3 Rb8
16. Rc1 Nhf6 17. b4 b6 18. a5 Ng4 19. axb6 Qxb6 20. bxc5 Nxe3 21. cxb6 Nxd1 22.
Nxd1 Nxb6 23. Ne3 Rxe4 24. Rc6 Bd7 25. Rxd6 Bf8 26. Rf6 Nxd5 27. Rxa6 Nxe3 28.
fxe3 Bc5 29. Kh1 Rxe3 30. Rxe3 Bxe3 31. Ra1 Rb2 32. h3 Kg7 33. g4 Bb6 34. Rc1
Be6 35. Ne5 Rb5 36. Nf3 h5 37. gxh5 Rxh5 38. Rb1 Be3 39. Re1 Bf2 40. Re5 Rh8 41.
Ng5 Bf5 42. Ne4 Bd4 43. Rd5 Ba7 44. Ra5 Bb6 45. Ra3 Re8 46. Rb3 Bd4 47. Rb4 Rxe4
48. Bxe4 Bxe4+ 49. Kh2 Be5+ 50. Kg1 f5 51. Kf2 Bf4 52. Rd4 Kf6 53. Rd8 Bc7 54.
Rg8 Bb6+ 55. Kg3 g5 56. Re8 Be3 57. Kh2 Bf4+ 58. Kg1 Bg3 59. Kf1 Kf7 60. Rc8 f4
61. Rc7+ Kf6 62. Rc3 f3 63. Ra3 Kf5 64. Ra5+ Kf4 65. Ra4 Ke3 66. Ra2 Bd3+ 0-1

[Event "38. MIEDZYNARODOWY MEMORIAL LUDWIKA ZAMENHOFA 2019 - OPEN A"]
[Site "Bialystok"]
[Date "1899-12-30"]
[Round "3.7"]
[White "Tihonov, Jurij"]
[Black "Luberanski, Jakub"]
[Result "1/2-1/2"]
[WhiteTitle "GM"]
[BlackTitle "I++"]
[WhiteElo "2394"]
[BlackElo "1963"]

1. c4 Nf6 2. Nc3 g6 3. Nf3 Bg7 4. d4 O-O 5. Bg5 c5 6. d5 d6 7. e3 Qb6 8. Qc1 Bf5
9. Nd2 Qa5 10. Be2 h6 11. Bh4 Nbd7 12. O-O g5 13. Bg3 Ne5 14. e4 Bg6 15. Bxe5
dxe5 16. Nb3 Qc7 17. Qe3 b6 18. Nd2 Kh7 19. Rfd1 Rfd8 20. Nf1 g4 21. Ng3 h5 22.
Nf5 Bxf5 23. exf5 Bh6 24. Qd3 e4 25. Nxe4 Bf4 26. g3 Be5 27. Rd2 Bd4 28. Re1 Kg7
29. Bf1 Nd7 30. d6 exd6 31. f6+ Nxf6 32. Rde2 Qd7 33. Bg2 Rab8 34. Qd2 Qf5 35.
Nxf6 Bxf6 36. Be4 Qg5 37. Qxg5+ Bxg5 38. h3 gxh3 39. f4 Bf6 40. Kh2 b5 41. b3
bxc4 42. bxc4 Rb4 43. Bd5 a5 44. Kxh3 a4 45. g4 hxg4+ 46. Kxg4 Rh8 47. Re8 Rxe8
48. Rxe8 Rb2 49. Ra8 Rxa2 50. Ra7 Bd4 51. Rxf7+ Kh8 52. Rf8+ Kg7 53. Rf7+ Kh8
54. Rf8+ Kg7 1/2-1/2

[Event "38. MIEDZYNARODOWY MEMORIAL LUDWIKA ZAMENHOFA 2019 - OPEN A"]
[Site "Bialystok"]
[Date "1899-12-30"]
[Round "3.8"]
[White "Sieciechowicz, Marcin"]
[Black "Kaczmarek, Arkadiusz"]
[Result "1-0"]
[WhiteTitle "IM"]
[BlackTitle "I++"]
[WhiteElo "2366"]
[BlackElo "2088"]

1. d4 d5 2. c4 c6 3. Nf3 Nf6 4. Nc3 e6 5. Bg5 dxc4 6. e4 b5 7. e5 h6 8. Bh4 g5
9. Nxg5 hxg5 10. Bxg5 Nbd7 11. g3 Bb7 12. Bg2 Qb6 13. exf6 O-O-O 14. O-O c5 15.
d5 b4 16. Na4 Qa6 17. a3 Bxd5 18. Bxd5 Ne5 19. axb4 Rxd5 20. Qe2 cxb4 21. Nc3
Ra5 22. Rxa5 Qxa5 23. Ne4 Nd3 24. b3 Qe5 25. Rd1 Nc5 26. Qxc4 Qxe4 27. Qb5 Kc7
28. Qe8 Nd3 29. Bf4+ e5 30. Qxf7+ Kb6 31. Qe6+ Kc7 32. Qf7+ Kb6 33. Be3+ Bc5 34.
Qe6+ Qc6 35. Qxc6+ Kxc6 36. Rxd3 Rf8 37. Bxc5 Kxc5 38. Rf3 Kd4 39. g4 e4 40. Rf5
a5 41. g5 a4 42. bxa4 b3 43. Rb5 Kc3 44. a5 b2 45. a6 Kc2 46. a7 b1=Q+ 47. Rxb1
Kxb1 48. f7 Kc2 49. g6 1-0

[Event "38. MIEDZYNARODOWY MEMORIAL LUDWIKA ZAMENHOFA 2019 - OPEN A"]
[Site "Bialystok"]
[Date "1899-12-30"]
[Round "3.9"]
[White "Baum, Jonasz"]
[Black "Vardanyan, Aras"]
[Result "1-0"]
[WhiteTitle "FM"]
[BlackTitle "k"]
[WhiteElo "2340"]
[BlackElo "2026"]

1. e4 c5 2. Nf3 d6 3. d4 cxd4 4. Nxd4 Nf6 5. Nc3 a6 6. h3 e6 7. g4 d5 8. exd5 Nxd5
9. Bd2 b5 10. Bg2 Bb7 11. O-O h5 12. Qe1 Ra7 13. Nxe6 fxe6 14. Qxe6+ Ne7 15. Be4
Qd7 16. Qxd7+ Kxd7 17. Be3 Bxe4 18. Bxa7 Nbc6 19. Rad1+ Kc7 20. Nxe4 Nxa7 21.
Nc5 Ng6 22. Ne6+ Kc6 23. Rd8 hxg4 24. hxg4 Bd6 25. Rxh8 Nxh8 26. f4 g6 27. Ng5
Be7 28. Kg2 Nc8 29. Ne4 Nf7 30. Kf3 Ncd6 31. Rh1 a5 32. Rh7 Kd7 33. Nxd6 Nxd6
34. Rg7 g5 35. fxg5 Ke6 36. Rg8 Kf7 37. Ra8 a4 38. Kf4 Kg6 39. Ra6 Kf7 40. g6+
1-0